000 00358cam a2200157ua 4500
041 _aeng
_h
082 _a823.308
_bWAL/TA
100 _aWalter, Scott .
245 _aTalisman /
_cScott Walter.
_hTextual Documents
250 _a1 /
_b.
260 _aLondon :
_bLongman ,
_c1965.
300 _a136 ; .
504 _a
942 _cBK
999 _c7816
_d7816